000 00463cam a22001457a 4500
008 180718b2003 xxu||||| |||| 00| 0 eng d
020 _a0195797884
082 _aA99/K527 K169
100 _aKazimi, Muhammad Reza
245 _aLiaquat Ali Khan: his life and work
_cby Muhammad Reza Kazimi
260 _aOxford
_bOxford Univ. Press
_c2003
300 _a354p.
650 _aKhan, Liaquat Ali - Criticism and interpretation
650 _aKhan, Liaquat Ali - Biography
999 _c403000
_d403000